000 01288nam a2200337 i 4500
003 EG-GICUC
005 20260121101350.0
008 251126s2022 ua ||||fr|||| 00| 0 ara d
017 _a2021/14294
020 _a9789779090719
040 _a EG-GICUC
_bara
_c EG-GICUC
_d EG-GICUC
_erda
041 0 _aara
082 0 4 _221
_a343.431
_bو ل . أ
092 0 4 _221
099 _aLaw1 10 343.431 و ل . أ 1 ed - 2022
100 0 _aوليد محمد كمال
_eمؤلف.
245 1 2 _aالإرهاب بين التجريم والوقاية في التشريعات المصرية مقارنة بالتشريعات الفرنسية /
_b
_cالدكتور وليد محمد كمال.
250 _aالطبعة الأولى
264 1 _aالإسكندرية :
_bدار الأهرام،
_c2022.
300 _a359 صفحة ؛
_c24 سم.
336 _2rda content
_atext
337 _2rda media
_aComputer
338 _2rda carrier
_aOnline Resource
504 _a. 324-347 ببليوجرافيا: صفحات
546 _aالنص باللغة العربية
650 1 4 _aالتشريع الخاص بالإرهاب
650 1 4 _aالقانون الجنائي
856 4 0 _uhttps://fll.law.cu.edu.eg/fulltext/bks/B10-06236.pdf
905 _a77
_eHassnaa
942 _2ddc
_cBK
_e21
_n0
999 _c46347
_d46347